[Event "Campeonato de España por Equip"]
[Site "Burguillos"]
[Date "2009.08.07"]
[Round "4"]
[White "Campayo Hernandez, Juan"]
[Black "Perez Pardo, Juan Carlos"]
[Result "1-0"]
[WhiteElo "2176"]
[BlackElo "2280"]
[PlyCount "91"]
[EventDate "2009.08.05"]
[EventType "team"]
[EventRounds "6"]
[EventCountry "ESP"]
[WhiteTeam "C.D.E. AJEDREZ TARAZONA"]
[BlackTeam "C.A. LAURUS RONDA"]

1. c4 Nf6 2. g3 c6 3. Bg2 d5 4. Nf3 dxc4 5. a4 e6 6. Na3 Bxa3 7. Rxa3 Nd5 8. a5
b5 9. axb6 Qxb6 10. Qc2 Ba6 11. b3 cxb3 12. Rxb3 Bb5 13. Bb2 Ba4 14. Rxb6 Bxc2
15. Rb7 O-O 16. O-O Na6 17. Ra1 Rfb8 18. Rxb8+ Nxb8 19. d3 Nb6 20. Bd4 N8d7 21.
Ne5 Nxe5 22. Bxb6 Rc8 23. Rxa7 f6 24. Bc5 Rb8 25. h3 Rb1+ 26. Kh2 Re1 27. f4
Rxe2 28. fxe5 Bxd3 29. exf6 gxf6 30. Kh1 Rc2 31. Be3 h5 32. Rd7 Bc4 33. Rd2 Rc3
34. Bf2 Bd5 35. Kh2 Kf7 36. Bd4 Rc4 37. Bf1 Ra4 38. Bb2 e5 39. Rf2 Ra2 40. Kg1
Ke6 41. Bc1 Ra1 42. Rc2 Be4 43. Rc3 Kd5 44. Kf2 f5 45. Ke3 Ra2 46. Bc4+ 1-0

[Event "Campeonato de España por Equip"]
[Site "Burguillos"]
[Date "2009.08.07"]
[Round "4"]
[White "Lopez Gonzalez, Daniel"]
[Black "Parada Medrano, Ivan"]
[Result "1/2-1/2"]
[WhiteElo "2195"]
[BlackElo "2127"]
[PlyCount "100"]
[EventDate "2009.08.05"]
[EventType "team"]
[EventRounds "6"]
[EventCountry "ESP"]
[WhiteTeam "C.A. LAURUS RONDA"]
[BlackTeam "C.D.E. AJEDREZ TARAZONA"]

1. d4 d5 2. c4 Bf5 3. cxd5 Bxb1 4. Qa4+ c6 5. Rxb1 Qxd5 6. Nf3 Nd7 7. a3 Ngf6
8. Qc2 Qe4 9. Qxe4 Nxe4 10. e3 g6 11. Bd3 Nef6 12. b4 Bg7 13. Bd2 O-O 14. Ke2
Rfe8 15. Rhc1 a6 16. a4 e5 17. Nxe5 Nxe5 18. dxe5 Rxe5 19. g3 Rd8 20. Be1 Red5
21. Bc4 R5d7 22. Rc2 Ng4 23. b5 axb5 24. axb5 Ne5 25. bxc6 bxc6 26. Ba2 Ra7 27.
f4 Nd7 28. Bc4 Re8 29. Rb3 Bf8 30. Bb4 Bxb4 31. Rxb4 Rb8 32. Rxb8+ Nxb8 33. Rd2
Nd7 34. Rd6 Rc7 35. e4 Kf8 36. e5 Ke7 37. g4 Nc5 38. Ke3 Nb7 39. Rf6 Nd8 40.
Rd6 Ra7 41. f5 Rd7 42. Rf6 Ra7 43. Rd6 Rd7 44. Rd4 Rxd4 45. Kxd4 gxf5 46. gxf5
f6 47. Bg8 h6 48. Bc4 fxe5+ 49. Kxe5 Nf7+ 50. Bxf7 Kxf7 1/2-1/2

[Event "Campeonato de España por Equip"]
[Site "Burguillos"]
[Date "2009.08.07"]
[Round "4"]
[White "Cabrera, Alexis"]
[Black "Gomez Rebollo, Alfonso Carlos"]
[Result "1-0"]
[WhiteElo "2527"]
[BlackElo "2163"]
[PlyCount "67"]
[EventDate "2009.08.05"]
[EventType "team"]
[EventRounds "6"]
[EventCountry "ESP"]
[WhiteTeam "C.A. MISLATA"]
[BlackTeam "C.A. LA MERCED DE HUELVA"]

1. e4 c5 2. Nf3 d6 3. d4 cxd4 4. Nxd4 Nf6 5. Nc3 g6 6. Be3 Bg7 7. f3 O-O 8. Qd2
Nc6 9. O-O-O d5 10. exd5 Nxd5 11. Nxc6 bxc6 12. Bd4 e5 13. Bc5 Re8 14. Ne4 Qc7
15. h4 Rd8 16. h5 f5 17. hxg6 fxe4 18. fxe4 Be6 19. exd5 cxd5 20. gxh7+ Kh8 21.
Be3 Bf5 22. Bb5 Rab8 23. Ba4 Rdc8 24. Rdf1 Qc4 25. Bh6 Rb7 26. Bxg7+ Rxg7 27.
Rxf5 Qxa4 28. Qc3 Qe8 29. Rxe5 Qf8 30. Qd4 Rc4 31. Qxd5 Rcg4 32. Re2 Qf4+ 33.
Kb1 Rh4 34. Qd8+ 1-0

[Event "Campeonato de España por Equip"]
[Site "Burguillos"]
[Date "2009.08.07"]
[Round "4"]
[White "Hernandez Munoz, Antonio Ramon"]
[Black "Garcia Roman, Daniel"]
[Result "0-1"]
[WhiteElo "2146"]
[BlackElo "2464"]
[PlyCount "100"]
[EventDate "2009.08.05"]
[EventType "team"]
[EventRounds "6"]
[EventCountry "ESP"]
[WhiteTeam "C.A. LA MERCED DE HUELVA"]
[BlackTeam "C.A. MISLATA"]

1. e4 e6 2. d4 d5 3. Nd2 Nf6 4. e5 Nfd7 5. Bd3 c5 6. c3 Nc6 7. Ne2 cxd4 8. cxd4
f6 9. exf6 Nxf6 10. O-O Bd6 11. Nf3 O-O 12. Bf4 Bxf4 13. Nxf4 Ne4 14. Qc1 Ng5
15. Nxg5 Qxg5 16. Bxh7+ Kxh7 17. Nxe6 Qxc1 18. Nxf8+ Kg8 19. Raxc1 Kxf8 20.
Rfe1 Bf5 21. f3 Rd8 22. Rcd1 Nb4 23. Re3 Rc8 24. a3 Nc6 25. Kf2 Bg6 26. g4 Na5
27. Rc3 Rc4 28. Kg3 b5 29. Kf4 Ke7 30. Kg5 Bc2 31. Rd2 Bh7 32. h4 Nc6 33. Rxc4
dxc4 34. f4 Bd3 35. f5 Nxd4 36. Kg6 Kf8 37. h5 a5 38. h6 gxh6 39. Rh2 Nf3 40.
Rxh6 Ne5+ 41. Kh5 b4 42. axb4 axb4 43. Re6 Nd7 44. f6 c3 45. Rd6 cxb2 46. Rxd3
Nxf6+ 47. Kg5 Nh7+ 48. Kh6 b1=Q 49. Rf3+ Kg8 50. Rf5 Qxf5 0-1

[Event "Campeonato de España por Equip"]
[Site "Burguillos"]
[Date "2009.08.07"]
[Round "4"]
[White "Sanchez Romero, Miquel Angel"]
[Black "Rodriguez Perez, Angel Mariano"]
[Result "1/2-1/2"]
[WhiteElo "2251"]
[BlackElo "2053"]
[PlyCount "101"]
[EventDate "2009.08.05"]
[EventType "team"]
[EventRounds "6"]
[EventCountry "ESP"]
[WhiteTeam "C.A. MISLATA"]
[BlackTeam "C.A. LA MERCED DE HUELVA"]

1. e4 d6 2. d4 g6 3. Nc3 Bg7 4. Be3 c6 5. Qd2 Nd7 6. Nf3 b5 7. Bd3 Ngf6 8. h3
Nb6 9. b3 Nfd7 10. Bh6 O-O 11. a4 b4 12. Ne2 a5 13. h4 Nf6 14. h5 Bxh6 15. Qxh6
Ng4 16. Qd2 e5 17. Ng3 Qf6 18. dxe5 Nxe5 19. Nxe5 Qxe5 20. O-O Bg4 21. hxg6
hxg6 22. f4 Qd4+ 23. Qf2 Qxf2+ 24. Rxf2 f5 25. exf5 gxf5 26. Re1 Rad8 27. Re7
Rd7 28. Rxd7 Nxd7 29. Be2 Re8 30. Bxg4 fxg4 31. Re2 Rxe2 32. Nxe2 c5 33. Kf2
Nf6 34. Ke3 Kf7 35. f5 Nd5+ 36. Ke4 Nf6+ 37. Kf4 Nd5+ 38. Kxg4 Ne3+ 39. Kf4
Nxg2+ 40. Ke4 Ne1 41. Kd5 Nxc2 42. Kxd6 Nd4 43. Nc1 c4 44. bxc4 b3 45. Nd3
Nxf5+ 46. Kc5 Ne3 47. Kb5 Nd1 48. Kxa5 b2 49. Nxb2 Nxb2 50. Kb4 Nxc4 51. Kxc4
1/2-1/2

[Event "Campeonato de España por Equip"]
[Site "Burguillos"]
[Date "2009.08.07"]
[Round "4"]
[White "Gomez Cerezo, Diego Jesus"]
[Black "Castro Exposito, Cristobal"]
[Result "1/2-1/2"]
[WhiteElo "2052"]
[BlackElo "2027"]
[PlyCount "69"]
[EventDate "2009.08.05"]
[EventType "team"]
[EventRounds "6"]
[EventCountry "ESP"]
[WhiteTeam "C.A. LA MERCED DE HUELVA"]
[BlackTeam "C.A. MISLATA"]

1. d4 d5 2. c4 e6 3. Nc3 Nf6 4. Bg5 Be7 5. e3 O-O 6. Nf3 Nbd7 7. Rc1 a6 8. Bd3
dxc4 9. Bxc4 b5 10. Bd3 c5 11. O-O Bb7 12. Bb1 Rc8 13. Qe2 Qb6 14. Rfd1 b4 15.
Na4 Qa5 16. Nxc5 Nxc5 17. dxc5 Rxc5 18. Rxc5 Qxc5 19. Bf4 Rc8 20. e4 Qc4 21.
Qxc4 Rxc4 22. Ne5 Rc8 23. f3 g6 24. Be3 Kg7 25. g4 Rd8 26. Rxd8 Bxd8 27. Bd4
Kf8 28. Bd3 h6 29. Kf2 Ke8 30. Ke3 Nd7 31. Nc4 Bc7 32. f4 g5 33. fxg5 hxg5 34.
h3 e5 35. Ba7 1/2-1/2

[Event "Campeonato de España por Equip"]
[Site "Burguillos"]
[Date "2009.08.07"]
[Round "4"]
[White "Jimenez Martinez, Jose Vicente"]
[Black "Moreno Ruiz, Javier"]
[Result "0-1"]
[WhiteElo "2235"]
[BlackElo "2418"]
[PlyCount "132"]
[EventDate "2009.08.05"]
[EventType "team"]
[EventRounds "6"]
[EventCountry "ESP"]
[WhiteTeam "C.D. AJEDREZ LAPUERTA"]
[BlackTeam "C.A. MÓSTOLES"]

1. d4 Nf6 2. c4 e6 3. Nc3 Bb4 4. Qc2 Nc6 5. Nf3 d6 6. Bg5 h6 7. Bh4 g5 8. Bg3
g4 9. d5 exd5 10. cxd5 Nxd5 11. Rd1 Be6 12. Nd4 Nxd4 13. Rxd4 c5 14. Rd3 Qa5
15. e4 Nf6 16. Rxd6 c4 17. Rd2 O-O 18. Be2 Nh5 19. Bh4 Nf4 20. O-O Qe5 21. Bg3
Qg5 22. a3 Ba5 23. Rfd1 Rfd8 24. Bf1 a6 25. Rxd8+ Rxd8 26. Rxd8+ Bxd8 27. Nd5
Nxd5 28. exd5 Qxd5 29. Qc3 Be7 30. Be5 Bf8 31. Qg3 Bg7 32. Bxg7 Kxg7 33. h3 Qd4
34. Qc3 Qxc3 35. bxc3 gxh3 36. gxh3 Kf6 37. Kg2 Ke5 38. Kf3 Kd5 39. Ke3 Kc5 40.
f4 a5 41. h4 Bf5 42. Bg2 b6 43. Bf3 Bd3 44. Bh5 f6 45. Be8 b5 46. Kd2 b4 47.
axb4+ axb4 48. Bh5 Be4 49. Bf7 Bc6 50. Kc2 Be4+ 51. Kd2 Bf5 52. Bg8 Kb5 53. Bf7
Ka4 54. h5 Kb3 55. cxb4 Kxb4 56. Bg6 Be6 57. Bc2 c3+ 58. Ke3 Ka3 59. Kd4 Kb2
60. Bd3 c2 61. Bxc2 Kxc2 62. Kc5 Kd3 63. Kd6 Bg4 64. f5 Ke4 65. Ke6 Bxf5+ 66.
Kxf6 Kf4 0-1

[Event "Campeonato de España por Equip"]
[Site "Burguillos"]
[Date "2009.08.07"]
[Round "4"]
[White "De La Fuente Gonzalez, Francisc"]
[Black "Lara Lopez, Jose"]
[Result "0-1"]
[WhiteElo "2230"]
[BlackElo "2203"]
[PlyCount "82"]
[EventDate "2009.08.05"]
[EventType "team"]
[EventRounds "6"]
[EventCountry "ESP"]
[WhiteTeam "C.A. MÓSTOLES"]
[BlackTeam "C.D. AJEDREZ LAPUERTA"]

1. c4 e5 2. Nc3 Nc6 3. Nf3 g6 4. e3 Bg7 5. d4 d6 6. Be2 Nge7 7. d5 Nb8 8. e4
Nd7 9. Be3 f5 10. exf5 Nxf5 11. Bg5 Nf6 12. Ne4 h6 13. Bxf6 Bxf6 14. h4 Bg7 15.
h5 g5 16. Qd3 O-O 17. O-O-O Nd4 18. Nxd4 exd4 19. g4 c6 20. Kb1 c5 21. Rdf1 Rf4
22. f3 b5 23. cxb5 a6 24. b6 a5 25. Qb3 a4 26. b7 Bxb7 27. Qxb7 Rb8 28. Qa6 d3
29. Bxd3 Rxb2+ 30. Kc1 Rxa2 31. Qc4 Ra3 32. Kc2 Qa5 33. Qb5 Ra2+ 34. Kd1 Qb4
35. Qxb4 cxb4 36. Bb1 Rb2 37. Kc1 a3 38. Nd2 a2 39. Bxa2 Rxa2 40. Re1 Bc3 41.
Kb1 Rxd2 0-1

[Event "Campeonato de España por Equip"]
[Site "Burguillos"]
[Date "2009.08.07"]
[Round "4"]
[White "Lara Lopez, Sergio"]
[Black "Ivanovitch Balsinde, Nicolas"]
[Result "0-1"]
[WhiteElo "2051"]
[BlackElo "2196"]
[PlyCount "118"]
[EventDate "2009.08.05"]
[EventType "team"]
[EventRounds "6"]
[EventCountry "ESP"]
[WhiteTeam "C.D. AJEDREZ LAPUERTA"]
[BlackTeam "C.A. MÓSTOLES"]

1. e4 e5 2. Nf3 Nc6 3. Bc4 Bc5 4. c3 Nf6 5. d4 exd4 6. cxd4 Bb4+ 7. Bd2 Nxe4 8.
Bxb4 Nxb4 9. Bxf7+ Kxf7 10. Qb3+ d5 11. Qxb4 Re8 12. O-O Kg8 13. Nc3 c6 14.
Nxe4 dxe4 15. Ne5 Qe7 16. Qxe7 Rxe7 17. Rfe1 Bf5 18. g4 Bg6 19. h4 Rd8 20. Rad1
Bf7 21. Rxe4 Bxa2 22. b4 Bb3 23. Rd2 Ra8 24. f4 a5 25. bxa5 Rxa5 26. f5 Bd5 27.
Re3 b5 28. g5 b4 29. f6 Rb7 30. Rf2 Ra8 31. g6 hxg6 32. Re1 Ra2 33. Nxc6 Rxf2
34. Ne7+ Kf7 35. Kxf2 Be6 36. Nc6 Kxf6 37. Nd8 Rb6 38. Nxe6 Rxe6 39. Rb1 Rb6
40. Ke3 b3 41. Kd3 Ke6 42. Kc4 b2 43. Kc5 Rb3 44. Kc4 Rb8 45. Re1+ Kd6 46. Rb1
Rb7 47. d5 Rb8 48. Kd4 Rb5 49. Kc4 Rb8 50. Kd4 Rb4+ 51. Kc3 Rxh4 52. Rxb2 Kxd5
53. Rb6 Rg4 54. Rb7 Ke4 55. Rxg7 g5 56. Kd2 Kf3 57. Rf7+ Rf4 58. Ra7 g4 59.
Ra3+ Kf2 0-1

[Event "Campeonato de España por Equip"]
[Site "Burguillos"]
[Date "2009.08.07"]
[Round "4"]
[White "Lopez Gomez, Miguel"]
[Black "Ojaos Penalver, Abel"]
[Result "1-0"]
[WhiteElo "2083"]
[BlackElo "1995"]
[PlyCount "57"]
[EventDate "2009.08.05"]
[EventType "team"]
[EventRounds "6"]
[EventCountry "ESP"]
[WhiteTeam "C.A. MÓSTOLES"]
[BlackTeam "C.D. AJEDREZ LAPUERTA"]

1. d4 d5 2. Nf3 Nf6 3. e3 Bf5 4. c4 c6 5. Qb3 Qc7 6. cxd5 Nxd5 7. Nbd2 Nf6 8.
Bc4 e6 9. Nh4 Bg6 10. Nxg6 hxg6 11. Nf3 b5 12. Bd3 Be7 13. Bd2 a5 14. Rc1 Qd6
15. Bxb5 cxb5 16. Rc8+ Bd8 17. Qxb5+ Nfd7 18. Ne5 Qd5 19. Qxd5 exd5 20. Rxd8+
Kxd8 21. Nxf7+ Ke7 22. Nxh8 Kf6 23. Ke2 Nc6 24. Rb1 Rc8 25. g4 Ndb8 26. g5+
Kxg5 27. Rg1+ Kf5 28. Nxg6 Re8 29. Kd3 1-0

[Event "Campeonato de España por Equip"]
[Site "Burguillos"]
[Date "2009.08.07"]
[Round "4"]
[White "Moreno Trujillo, Alejandro"]
[Black "Vega Gutierrez, Sabrina"]
[Result "1-0"]
[WhiteElo "2431"]
[BlackElo "2352"]
[PlyCount "73"]
[EventDate "2009.08.05"]
[EventType "team"]
[EventRounds "6"]
[EventCountry "ESP"]
[WhiteTeam "C.A. 64 VILLALBA"]
[BlackTeam "C.A. ANAND"]

1. d4 d5 2. c4 dxc4 3. e3 e5 4. Bxc4 exd4 5. Nf3 Bb4+ 6. Bd2 Bxd2+ 7. Qxd2 Nc6
8. Nxd4 Nxd4 9. exd4 Nf6 10. Qe3+ Qe7 11. O-O Qxe3 12. fxe3 Be6 13. Nd2 Bxc4
14. Nxc4 O-O 15. Rac1 Rfe8 16. Na5 b6 17. Nc4 Rad8 18. Ne5 c5 19. Nc6 Rd7 20.
dxc5 Rxe3 21. Rfd1 h6 22. Rxd7 Nxd7 23. b4 bxc5 24. bxc5 Ne5 25. Ne7+ Kf8 26.
c6 Nxc6 27. Nxc6 Ra3 28. Rb1 g6 29. Rb8+ Kg7 30. Rb7 Rxa2 31. Rxa7 Rd2 32. Ne5
Kf6 33. Nxf7 h5 34. h4 Rd4 35. g3 Rd2 36. Ng5 Kf5 37. Ra4 1-0

[Event "Campeonato de España por Equip"]
[Site "Burguillos"]
[Date "2009.08.07"]
[Round "4"]
[White "Vega Gutierrez, Belinda"]
[Black "Bolado Saez, Sergio"]
[Result "0-1"]
[WhiteElo "2254"]
[BlackElo "2326"]
[PlyCount "132"]
[EventDate "2009.08.05"]
[EventType "team"]
[EventRounds "6"]
[EventCountry "ESP"]
[WhiteTeam "C.A. ANAND"]
[BlackTeam "C.A. 64 VILLALBA"]

1. e4 c5 2. Nf3 d6 3. d4 cxd4 4. Nxd4 Nf6 5. Nc3 a6 6. Be2 e5 7. Nb3 Be7 8. O-O
O-O 9. a4 Be6 10. Bf3 Qc7 11. Re1 Rc8 12. g3 Nbd7 13. Nd2 Qc6 14. Nf1 Bd8 15.
Ne3 Ba5 16. Ncd5 Bxd5 17. exd5 Qc7 18. c3 Bb6 19. Nf5 Re8 20. Bg2 g6 21. Nh6+
Kg7 22. g4 Re7 23. Qd2 e4 24. g5 e3 25. fxe3 Ne4 26. Bxe4 Rxe4 27. Qg2 f5 28.
gxf6+ Nxf6 29. Rf1 Kxh6 30. Rxf6 Qc4 31. b3 Qxd5 32. Bd2 Rae8 33. Kh1 Qxb3 34.
Raf1 Qd5 35. Rf7 Bd8 36. c4 Qg5 37. Qxg5+ Bxg5 38. Rxb7 Rxc4 39. Rb6 Rxa4 40.
Rxd6 Ra2 41. Rd7 Re7 42. Rxe7 Bxe7 43. Rd1 Bd6 44. h3 Kh5 45. Be1 Bf8 46. Rd5+
Kh6 47. Bd2 Kg7 48. Kg1 Kf7 49. Kf1 Ke6 50. Rd3 a5 51. Bc3 a4 52. Bh8 a3 53.
Rd8 Be7 54. Ra8 Rh2 55. Ra6+ Kf7 56. Be5 Rxh3 57. Ke2 Bc5 58. Bf4 h6 59. Ra5
Be7 60. Ra7 Ke6 61. Ra6+ Kf5 62. Ra5+ Kg4 63. Ra7 Bc5 64. Ra5 g5 65. Rxc5 gxf4
66. Rc4 Rxe3+ 0-1

[Event "Campeonato de España por Equip"]
[Site "Burguillos"]
[Date "2009.08.07"]
[Round "4"]
[White "Inigo Munoz, Javier"]
[Black "Camino Carrio, Nicanor"]
[Result "1-0"]
[WhiteElo "2155"]
[BlackElo "2207"]
[PlyCount "77"]
[EventDate "2009.08.05"]
[EventType "team"]
[EventRounds "6"]
[EventCountry "ESP"]
[WhiteTeam "C.A. 64 VILLALBA"]
[BlackTeam "C.A. ANAND"]

1. c4 Nf6 2. Nc3 c6 3. e4 d6 4. g3 g6 5. Bg2 Bg7 6. Nge2 O-O 7. O-O e5 8. d3 a6
9. a4 a5 10. h3 Na6 11. f4 exf4 12. Bxf4 h6 13. Qd2 Kh7 14. Rf2 Be6 15. Raf1
Nb4 16. g4 Ne8 17. Be3 Nc7 18. c5 Nca6 19. cxd6 Qxd6 20. d4 Rad8 21. d5 cxd5
22. exd5 Qe7 23. Bb6 Rd6 24. Bxa5 b6 25. Bxb4 Nxb4 26. Nf4 Bc8 27. Nb5 Na6 28.
Nxd6 Qxd6 29. Ne2 f5 30. gxf5 gxf5 31. Qf4 Be5 32. Qc4 Nc5 33. Kh1 Ba6 34. Qc2
Bd3 35. Qd2 Rg8 36. b4 Qg6 37. Qe3 Bxe2 38. Rxe2 Nd7 39. Rxf5 1-0

[Event "Campeonato de España por Equip"]
[Site "Burguillos"]
[Date "2009.08.07"]
[Round "4"]
[White "Galvan Ruiz, Mario"]
[Black "Osorio Ramos, Francisco"]
[Result "1-0"]
[WhiteElo "2064"]
[BlackElo "1953"]
[PlyCount "89"]
[EventDate "2009.08.05"]
[EventType "team"]
[EventRounds "6"]
[EventCountry "ESP"]
[WhiteTeam "C.A. ANAND"]
[BlackTeam "C.A. 64 VILLALBA"]

1. e4 c5 2. Nf3 d6 3. d4 cxd4 4. Nxd4 Nf6 5. Nc3 a6 6. Be2 e5 7. Nf3 h6 8. O-O
Be7 9. a4 Be6 10. Re1 O-O 11. Bf1 Qc7 12. Nd5 Bxd5 13. exd5 Nbd7 14. c4 Rac8
15. a5 Rfe8 16. b3 Bf8 17. Bb2 Red8 18. Nd2 b6 19. axb6 Qxb6 20. Bc3 Qb7 21.
Ba5 Re8 22. Ra3 Ra8 23. Qa1 Rec8 24. Bc3 Nb8 25. b4 Qc7 26. Rb1 Nbd7 27. b5 Nb8
28. bxa6 Ra7 29. Ba5 Qd7 30. Bb6 Ra8 31. a7 Nc6 32. dxc6 Qxc6 33. Ra6 Qd7 34.
g3 Qf5 35. Bg2 e4 36. Ra5 Qe6 37. Qd4 Re8 38. Bc7 Qc8 39. Bb8 Qd8 40. Nxe4 Qxa5
41. Nxf6+ gxf6 42. Bxa8 Re1+ 43. Rxe1 Qxe1+ 44. Kg2 Bg7 45. Bd5 1-0

[Event "Campeonato de España por Equip"]
[Site "Burguillos"]
[Date "2009.08.07"]
[Round "4"]
[White "Corbalan Gomez, Juan Jose"]
[Black "De La Torre Suarez, Angel"]
[Result "1-0"]
[WhiteElo "2174"]
[BlackElo "2101"]
[PlyCount "73"]
[EventDate "2009.08.05"]
[EventType "team"]
[EventRounds "6"]
[EventCountry "ESP"]
[WhiteTeam "C.A. ALEKHINE ESPARTINAS"]
[BlackTeam "C. ATENEO CACEREÑO 2016"]

1. e4 d5 2. exd5 Qxd5 3. Nc3 Qa5 4. d4 Nf6 5. Bc4 Bf5 6. Nf3 e6 7. Bd2 c6 8.
Nd5 Qd8 9. Nxf6+ Qxf6 10. Bg5 Qg6 11. h4 Bxc2 12. Qd2 Qe4+ 13. Kf1 h6 14. Re1
Qh7 15. Ne5 b5 16. Qa5 Nd7 17. Qc7 Nxe5 18. Rxe5 hxg5 19. Qxc6+ Ke7 20. Qc7+
Kf6 21. hxg5+ Kg6 22. Rxh7 Rxh7 23. Bxb5 Rh1+ 24. Ke2 Bd1+ 25. Ke3 Re1+ 26. Kf4
Rxe5 27. Qxe5 Bc2 28. Bc6 Rd8 29. Be4+ Kh5 30. Ke3 Bxe4 31. Qxe4 Kxg5 32. Qf4+
Kg6 33. Qg3+ Kf6 34. Qc7 Rd5 35. Qxa7 e5 36. Qa8 exd4+ 37. Kd3 1-0

[Event "Campeonato de España por Equip"]
[Site "Burguillos"]
[Date "2009.08.07"]
[Round "4"]
[White "Perez Gonzalez, David"]
[Black "Perez Garcia, Roberto"]
[Result "1-0"]
[WhiteElo "1874"]
[BlackElo "2151"]
[PlyCount "143"]
[EventDate "2009.08.05"]
[EventType "team"]
[EventRounds "6"]
[EventCountry "ESP"]
[WhiteTeam "C. ATENEO CACEREÑO 2016"]
[BlackTeam "C.A. ALEKHINE ESPARTINAS"]

1. d4 Nf6 2. Bg5 c5 3. dxc5 Qa5+ 4. Nc3 Ne4 5. Bd2 Nxd2 6. Qxd2 Qxc5 7. Nf3 g6
8. Qd4 Qxd4 9. Nxd4 Bg7 10. Ndb5 Na6 11. e3 O-O 12. a3 d6 13. Nd4 Nc5 14. Bc4
a6 15. O-O b5 16. Bd5 Ra7 17. Rab1 Rc7 18. Rfd1 Bg4 19. f3 Bd7 20. Ba2 e6 21.
Nce2 d5 22. c3 Nb7 23. Rd2 Nd6 24. g4 Rb8 25. h4 Bf8 26. Kf2 Nc4 27. Rdd1 Bc5
28. Nc2 a5 29. Nf4 Be7 30. h5 b4 31. axb4 axb4 32. Bxc4 Rxc4 33. hxg6 hxg6 34.
Nxb4 Bxb4 35. cxb4 Rc2+ 36. Kg3 Rxb4 37. b3 Rc3 38. Nd3 Rb7 39. b4 Bb5 40. Nc5
Ra7 41. Kf4 Raa3 42. Re1 Kg7 43. Ra1 Rc4+ 44. Kg3 Rxa1 45. Rxa1 Rxb4 46. Ra7
Kf8 47. Rb7 Rb1 48. Nd7+ Ke7 49. Ne5+ Kd6 50. Nxf7+ Kc5 51. Rc7+ Kb6 52. Re7
Rg1+ 53. Kf4 Rf1 54. Rxe6+ Kc5 55. Rxg6 Be2 56. Ng5 Bd3 57. Rg8 Be2 58. Ne6+
Kc4 59. Nd4 Bd1 60. g5 Kd3 61. g6 Bxf3 62. Nxf3 Ke2 63. g7 Rxf3+ 64. Ke5 Rxe3+
65. Kxd5 Re7 66. Kd6 Ra7 67. Ke6 Ke3 68. Kf5 Kf3 69. Kg6 Ra6+ 70. Kh7 Kg4 71.
Rf8 Kh5 72. g8=Q 1-0

[Event "Campeonato de España por Equip"]
[Site "Burguillos"]
[Date "2009.08.07"]
[Round "4"]
[White "Aranaz Portugues, Jose Carlos"]
[Black "Elviro Vivas, Fernando"]
[Result "1-0"]
[WhiteElo "2124"]
[BlackElo "1750"]
[PlyCount "87"]
[EventDate "2009.08.05"]
[EventType "team"]
[EventRounds "6"]
[EventCountry "ESP"]
[WhiteTeam "C.A. ALEKHINE ESPARTINAS"]
[BlackTeam "C. ATENEO CACEREÑO 2016"]

1. d4 c5 2. d5 e6 3. Nc3 exd5 4. Nxd5 Nf6 5. Bg5 Be7 6. Nxe7 Qxe7 7. Nf3 d5 8.
e3 O-O 9. Be2 Nc6 10. O-O Rd8 11. c3 b6 12. Qa4 Bb7 13. Rad1 Ne5 14. Qh4 Ng6
15. Bxf6 Qxf6 16. Qxf6 gxf6 17. Rd2 Kf8 18. Rfd1 Ke7 19. Bb5 Rd6 20. h3 Rad8
21. Nh2 f5 22. g3 h5 23. h4 Ne5 24. Be2 Nc4 25. Rc2 b5 26. b3 Ne5 27. Rcd2 a5
28. f4 Ng4 29. Nxg4 fxg4 30. Bxb5 d4 31. exd4 Bf3 32. Be2 Be4 33. Kf2 cxd4 34.
Rxd4 Rxd4 35. Rxd4 Rxd4 36. cxd4 Bb1 37. a3 Ba2 38. Bd1 Kd6 39. Bc2 Kd5 40. Ke3
a4 41. b4 Bb3 42. Bxb3+ axb3 43. Kd3 b2 44. Kc2 1-0